Grupy geograficzne - dwójki #1 - Statystyki

Ogólne statystyki
  • Ten quiz został rozwiązany 32 143 razy
  • Średni wynik to 27 z 40
Statystyki odpowiedzi
Wskazówka Odpowiedź % Poprawnych
Państwa graniczące z USA Kanada
99%
Państwa graniczące z USA Meksyk
99%
Państwa otoczone przez Włochy Watykan
97%
Państwa otoczone przez Włochy San Marino
95%
Państwa w UE na literę B Belgia
92%
Państwa Afryki na literę Z Zambia
89%
Państwa Afryki na literę Z Zimbabwe
87%
Najwyższe szczyty świata Everest
84%
Stany USA odległe od reszty Alaska
83%
Państwa leżące na wyspie Haiti Haiti
81%
Państwa leżące na wyspie Haiti Dominikana
78%
Śródziemnomorskiepaństwa wyspiarskie Malta
76%
Koreańskie stolice Seul
76%
Morza, nad którymi leży Egipt Śródziemne
76%
Państwa w UE na literę B Bułgaria
75%
Śródziemnomorskiepaństwa wyspiarskie Cypr
75%
Stany USA odległe od reszty Hawaje
75%
Największe włoskie wyspy Sycylia
74%
Morza, nad którymi leży Egipt Czerwone
73%
Śródlądowe państwa AmerykiPołudniowej Boliwia
72%
Państwa Azji na literę L Laos
72%
Śródlądowe państwa Ameryki Południowej Paragwaj
72%
Państwa Afryki graniczące tylko z jednym innym krajem Lesotho
70%
Państwa dzielące Nową Gwineę Indonezja
67%
Państwa zaczynające się na A, ale nie kończące się na A Azerbejdżan
66%
Państwa Azji na literę L Liban
66%
Ważne rzeki Mezopotamskie Tygrys
65%
Państwa dzielące Nową Gwineę Papua-Nowa Gwinea
64%
Najwyższe szczyty świata K2
63%
Państwa zaczynające się na A, ale nie kończące się na A Afganistan
61%
Języki urzędowe Maroka Arabski
60%
Największe włoskie wyspy Sardynia
60%
Ważne rzeki Mezopotamskie Eufrat
59%
Koreańskie stolice Pjongjang
58%
Najdłuższe rzeki Wielkiej Brytanii Tamiza
57%
Państwa Afryki graniczące tylko z jednym innym krajem Gambia
44%
Największe meksykańskie półwyspy Jukatan
32%
Największe meksykańskie półwyspy Kalifornijski
21%
Języki urzędowe Maroka Berberyjski
11%
Najdłuższe rzeki Wielkiej Brytanii Severn
8%
Nie znaleziono quizów pasujących do podanych kryteriów
Rozkład punktacji
Procent ludzi z każdym wynikiem
Percentyl według liczby udzielonych odpowiedzi
Twoja historia wyników
Nie rozwiązałeś tego quizu